000
00297nam a2200121Ia 4500
008
190802s9999 xx 000 0 und d
020
_a
978-93-528-6917-6
100
_a
Mark Summerfield
245
0
_a
Programming In Python 3
260
_a
New Delhi
_b
Pearson
_c
2018
300
_a
630:p
942
_c
BK
999
_c
2578
_d
2578